Loading...

A study on the relationship between interest in science and achievement in biology of secondary school pupils in Kottayam District

Bibliografiske detaljer
Hovedforfatter: Shiny P J
Udgivet: 1997
Fag:
LEADER 00698nam a22001811a 4500
020 |c 0.00 
040 |a SSUS - Library - Kalady 
082 |a MED 371.262 SHI/STU 
100 |a Shiny P J 
245 |a A study on the relationship between interest in science and achievement in biology of secondary school pupils in Kottayam District  |h [MED] 
260 |c 1997 
300 |a 110p. 
600 |a Achievement Biology Secondary Level 
600 |a MED thesis 
852 |k Reference  |h MED 371.262 SHI  |p T442  |9 0.00  |t 0 
942 |c REF 
999 |c 45035  |d 45035 
952 |0 0  |1 0  |2 ddc  |4 0  |6 R_MED_371_262000000000000_SHI  |7 0  |9 65006  |a SSUS  |b SSUS  |c REF  |d 2015-01-08  |g 0.00  |o R MED 371.262 SHI  |p D0263  |r 2015-01-08  |v 0.00  |w 2015-01-08  |y PGD